Internet cho mọi người: Hướng dẫn cho người dùng và người cung cấp /
v...v
Đã lưu trong:
| Tác giả chính: | |
|---|---|
| Định dạng: | Sách |
| Ngôn ngữ: | Vietnamese |
| Năm xuất bản: |
H.
Thống Kê
1999
|
| Chủ đề: | |
| Tags: |
Thêm thẻ
Không có thẻ, Hãy là người đầu tiên gắn thẻ bản ghi này!
|
| LEADER | 00917nam a2200277 a 4500 | ||
|---|---|---|---|
| 001 | vtls000021566 | ||
| 003 | VRT | ||
| 005 | 20170215083934.0 | ||
| 008 | 080422s2005 vm 000 u vie d | ||
| 039 | 9 | |a 201203060835 |b luuthiha |c 200810131530 |d Hanh | |
| 040 | |a TVTTHCM | ||
| 082 | 0 | 4 | |a 004.678 |b W300G |
| 100 | 1 | |a Wiggins, Richard W | |
| 245 | 1 | 0 | |a Internet cho mọi người: Hướng dẫn cho người dùng và người cung cấp / |c Wiggins, Richard W |
| 260 | |a H. |b Thống Kê |c 1999 | ||
| 300 | |a 592 tr. |c 24 cm. | ||
| 520 | |a v...v | ||
| 650 | 0 | |a Optics |x Study and teaching. | |
| 650 | 4 | |x Học tập và giảng dạy | |
| 653 | |a Mạng máy tính | ||
| 653 | |a Internet | ||
| 942 | |2 ddc |c SH | ||
| 949 | |6 100032201 | ||
| 949 | |6 100032202 | ||
| 999 | |c 7569 |d 7569 | ||
| 952 | |0 0 |1 0 |2 ddc |4 0 |6 004_678000000000000_W300G |7 0 |8 000 |9 68156 |a qbu |b qbu |c D2 |d 2015-03-09 |o 004.678 W300G |p 7280.c1 |r 0000-00-00 |w 2015-03-09 |y SH | ||